书目信息 |
| 题名: |
游泳池救生教程
|
|
| 作者: | 高捷 主编 | |
| 分册: | ||
| 出版信息: | 北京 北京体育大学出版社 2014 |
|
| 页数: | 193页 | |
| 开本: | 26cm | |
| 丛书名: | ||
| 单 册: | ||
| 中图分类: | G861.17 , G861.17 | |
| 科图分类: | ||
| 主题词: | 水上救护--高等教育--教材 , 水上运动 , 冰上运动 , 雪上运动 | |
| 电子资源: | ||
| ISBN: | 978-7-5644-1591-4 | |
| 000 | 01078nam0 2200325 450 | |
| 001 | 1637037705 | |
| 005 | 20160405101936.87 | |
| 010 | @a978-7-5644-1591-4@dCNY40.00 | |
| 090 | @aG861@bgj | |
| 096 | @aG861@bgj | |
| 100 | @a20140702d2014 em y0chiy50 ea | |
| 101 | 0 | @achi |
| 102 | @aCN@b110000 | |
| 105 | @aa z 000yy | |
| 106 | @ar | |
| 200 | 1 | @a游泳池救生教程@b专著@dSwimming pool rescue@f高捷主编@zeng@Ayou yong chi jiu sheng jiao cheng |
| 210 | @a北京@c北京体育大学出版社@d2014 | |
| 215 | @a193页@c彩图@d26cm | |
| 300 | @a高等教育体育学教材 | |
| 330 | @a本书包含了游泳救生基本技术、游泳救生赴救技术、现场急救技术、游泳救生基本理论与方法、游泳救生中的观察与判断、游泳池安全管理等多方面的最新理论知识。 | |
| 510 | 1 | @aSwimming pool rescue@zeng |
| 606 | 0 | @a水上救护@x高等教育@j教材 |
| 606 | 0 | @a水上运动 |
| 606 | 0 | @a冰上运动 |
| 606 | 0 | @a雪上运动 |
| 690 | @aG861.17@v5 | |
| 690 | @aG861.17@v4 | |
| 701 | 0 | @a高捷@c(体育)@4主编@Agao jie |
| 801 | 0 | @aCN@b大连网信软件有限公司图书馆·11@c20160405 |
| 905 | @aZUCC@dG861.17@et32 | |
| 游泳池救生教程=Swimming pool rescue/高捷主编.-北京:北京体育大学出版社,2014 |
| 193页:彩图;26cm |
| 高等教育体育学教材 |
| ISBN 978-7-5644-1591-4:CNY40.00 |
| 本书包含了游泳救生基本技术、游泳救生赴救技术、现场急救技术、游泳救生基本理论与方法、游泳救生中的观察与判断、游泳池安全管理等多方面的最新理论知识。 |
| ● |
| 相关链接 |
|
|
|
|
正题名:游泳池救生教程
索取号:G861.17/t32
 
预约/预借
| 序号 | 登录号 | 条形码 | 馆藏地/架位号 | 状态 | 备注 |
| 1 | 6940521 | 269405217 | 体育系资料室/ [索取号:G861.17/t32] | 在馆 | |
| 2 | 6940522 | 269405226 | 密集书库-体育系/ [索取号:G861.17/t32] | 在馆 | |
| 3 | 6940572 | 269405725 | 密集书库-体育系/ [索取号:G861.17/t32] | 在馆 | |
| 4 | 6940573 | 269405734 | 密集书库-体育系/ [索取号:G861.17/t32] | 在馆 |